صبح (Record no. 170374)

MARC details
000 -LEADER
fixed length control field 00563nam a22001937a 4500
005 - DATE AND TIME OF LATEST TRANSACTION
control field 20191213150017.0
010 ## - LCCN (DPL NO)
LC control number A-574882
020 ## - INTERNATIONAL STANDARD BOOK NUMBER
Terms of availability 50.00
International Standard Book Number -
035 ## - SYSTEM CONTROL NUMBER
System control number A-574882
037 ## - SOURCE OF ACQUISITION
Source of stock number/acquisition BPPD
082 ## - DEWEY DECIMAL CLASSIFICATION NUMBER
Classification number 080
100 ## - MAIN ENTRY--PERSONAL NAME
Personal name مبا ر ک کا پڑ ی
245 ## - TITLE STATEMENT
Title صبح
Statement of responsibility, etc مبا ر ک کا پڑ ی
246 ## - VARYING FORM OF TITLE
Title proper/short title Subha (Urdu)
Remainder of title by Mubarak Kapdi
260 ## - PUBLICATION, DISTRIBUTION, ETC. (IMPRINT)
Place of publication, distribution, etc Delhi
Date of publication, distribution, etc 1993 ء
Name of publisher, distributor, etc Modern Publishing House
270 ## - ADDRESS
Address Post Box No.26054 Nirubi Kinia
City Delhi
Telephone number -
Postal code 110002
300 ## - PHYSICAL DESCRIPTION
Extent 128 ص
Dimensions 22 cm(hb)
942 ## - ADDED ENTRY ELEMENTS (KOHA)
Source of classification or shelving scheme Dewey Decimal Classification
Item type Urdu Bks
Classification part 080
Call number suffix م ب ا
Holdings
Withdrawn status Lost status Not for loan Collection code Home library Current library Date acquired Source of acquisition Cost, normal purchase price Full call number Barcode Copy number Cost, replacement price Koha item type
      Non-fiction Central Library Central Library 13/12/2019 BPPD/Ven. 50.00 080 م ب ا A-574882 1 50.00 Urdu Bks

© Delhi Public Library
Hit Counter
free hit counter